[Event "65th ch-RUS HL"]
[Site "?"]
[Date "2012.??.??"]
[Round "2"]
[White "Frolyanov, D."]
[Black "Sjugirov, S."]
[Result "0-1"]
[WhiteElo "2560"]
[BlackElo "2625"]
[PlyCount "80"]
[EventDate "2012.??.??"]
[SourceDate "1999.07.01"]

1. e4 c6 2. d4 d5 3. exd5 cxd5 4. c4 Nf6 5. Nc3 g6 6. Qb3 Bg7 7. cxd5 O-O 8.
Nge2 a5 9. Nf4 a4 10. Nxa4 g5 11. Nd3 Nxd5 12. Nc3 e6 13. Ne5 Nc6 14. Nxc6 bxc6
15. Bc4 Bxd4 16. O-O Bg7 17. Bd2 h6 18. Rad1 Ba6 19. Bxa6 Rxa6 20. Qc4 Qa5 21.
b4 Qb6 22. Rb1 Ra3 23. Rb3 Rfa8 24. Rxa3 Rxa3 25. Nb1 Ra6 26. a3 Qb5 27. Qe4 c5
28. bxc5 Ra4 29. Qc2 Rc4 30. Qd3 Qxc5 31. h3 Rc2 32. Qe4 Bf6 33. Qf3 Rb2 34.
Be3 Qc2 35. Nd2 Nxe3 36. Ne4 Nxf1 37. Nxf6+ Kf8 38. Nd7+ Ke7 39. Ne5 Qf5 40.
Nc6+ Kd6 0-1

[Event "65th ch-RUS HL"]
[Site "?"]
[Date "2012.??.??"]
[Round "3"]
[White "Zvjaginsev, V."]
[Black "Maletin, P."]
[Result "1/2-1/2"]
[WhiteElo "2680"]
[BlackElo "2595"]
[PlyCount "72"]
[EventDate "2012.??.??"]
[SourceDate "1999.07.01"]

1. e4 c6 2. d4 d5 3. Nd2 dxe4 4. Nxe4 Nd7 5. Nf3 Ngf6 6. Nc3 e6 7. g3 b6 8. Bg2
Ba6 9. Ne2 Be7 10. O-O O-O 11. b3 c5 12. c4 Bb7 13. Bf4 Re8 14. dxc5 Bxc5 15.
Ne5 Bxg2 16. Kxg2 Qc7 17. Nxd7 Qc6+ 18. f3 Nxd7 19. Nc3 e5 20. Bd2 Bd4 21. Qe2
Bxc3 22. Bxc3 b5 23. Rac1 bxc4 24. Qxc4 Qxc4 25. bxc4 Rac8 26. Be1 Nc5 27. Bf2
Nd3 28. Rc3 Nxf2 29. Kxf2 Rc5 30. Ke3 g6 31. Rb1 Rec8 32. Kd3 Rd8+ 33. Kc2 Rdc8
34. Kd3 Rd8+ 35. Kc2 Rdc8 36. Kd3 Rd8+ 1/2-1/2

[Event "65th ch-RUS HL"]
[Site "?"]
[Date "2012.??.??"]
[Round "3"]
[White "Timofeev, Arty"]
[Black "Grachev, B."]
[Result "1/2-1/2"]
[WhiteElo "2640"]
[BlackElo "2680"]
[PlyCount "86"]
[EventDate "2012.??.??"]
[SourceDate "1999.07.01"]

1. e4 c6 2. d4 d5 3. exd5 cxd5 4. c4 Nf6 5. Nc3 Nc6 6. Bf4 Be6 7. c5 g6 8. Bb5
Bg7 9. f3 O-O 10. Nge2 Bd7 11. O-O Re8 12. Re1 Nh5 13. Bg5 h6 14. Bh4 g5 15.
Bf2 e5 16. dxe5 Nxe5 17. Bxd7 Qxd7 18. Nxd5 Nc4 19. b3 Nb2 20. Qd2 Rad8 21. Ng3
Nf4 22. Nf5 Nbd3 23. Rxe8+ Qxe8 24. Nxf4 Nxf4 25. Re1 Rxd2 26. Rxe8+ Kh7 27.
Nxg7 Kxg7 28. a4 Ne6 29. g3 Rd1+ 30. Kg2 Rb1 31. c6 bxc6 32. Bxa7 Rxb3 33. a5
Rb2+ 34. Kf1 Ra2 35. Bb6 c5 36. Ra8 Rb2 37. Ke1 Kf6 38. Kd1 Ke5 39. Kc1 Rb4 40.
Ra7 f5 41. Rh7 Kd5 42. Rxh6 Ra4 43. h4 Ke5 1/2-1/2

[Event "65th ch-RUS HL"]
[Site "?"]
[Date "2012.??.??"]
[Round "6"]
[White "Kurnosov, I."]
[Black "Maletin, P."]
[Result "1-0"]
[WhiteElo "2660"]
[BlackElo "2595"]
[PlyCount "93"]
[EventDate "2012.??.??"]
[SourceDate "1999.07.01"]

1. e4 c6 2. d4 d5 3. e5 Bf5 4. Nd2 e6 5. Nb3 Nd7 6. Nf3 c5 7. c4 Be4 8. cxd5
Bxd5 9. Be2 cxd4 10. O-O Ne7 11. Nbxd4 a6 12. Bg5 h6 13. Nf5 exf5 14. Bxe7 Bxe7
15. Qxd5 Nc5 16. Qc4 O-O 17. Qf4 Qb6 18. b3 Qg6 19. Nd4 Ne6 20. Nxe6 fxe6 21.
Rac1 Bg5 22. Qg3 Qf7 23. f4 Bd8 24. Qe3 Ba5 25. a3 Rad8 26. b4 Bc7 27. Bc4 Rd7
28. h3 Kh8 29. Kh1 Re7 30. Rc2 Bb8 31. Rfc1 g5 32. fxg5 hxg5 33. Qxg5 Qg7 34.
Qh4+ Qh7 35. Qf4 Qg7 36. Qh4+ Qh7 37. Qf4 Qg7 38. Re1 Qg6 39. Be2 Rg8 40. Bf3
Qg5 41. Qxg5 Rxg5 42. a4 Rg8 43. a5 Rd8 44. b5 axb5 45. Rb2 Bc7 46. Rxb5 Ra8
47. Rxb7 1-0

[Event "65th ch-RUS HL"]
[Site "?"]
[Date "2012.??.??"]
[Round "9"]
[White "Alekseev, Evgeny"]
[Black "Yevseev, D."]
[Result "1-0"]
[WhiteElo "2675"]
[BlackElo "2525"]
[PlyCount "83"]
[EventDate "2012.??.??"]
[SourceDate "1999.07.01"]

1. e4 c6 2. d4 d5 3. e5 Bf5 4. h4 h6 5. g4 Bd7 6. Nc3 c5 7. dxc5 e6 8. Be3 h5
9. Nb5 Bxb5 10. Bxb5+ Nc6 11. c3 Qc7 12. g5 Nge7 13. Qa4 Qxe5 14. Nf3 Qc7 15.
Bf4 Qc8 16. O-O-O Ng6 17. Be3 a6 18. Bd3 Qd7 19. c4 Nge5 20. Nxe5 Nxe5 21.
Qxd7+ Nxd7 22. b4 dxc4 23. Bxc4 Ne5 24. Bb3 Nc6 25. Bd2 a5 26. a3 axb4 27. axb4
Nd4 28. Kb2 Nxb3 29. Kxb3 Be7 30. Bc3 f6 31. Rhe1 fxg5 32. hxg5 Rd8 33. Ra1 O-O
34. Rxe6 Bxg5 35. Rg1 Rd5 36. Rg6 Rff5 37. Rxg7+ Kf8 38. Rxb7 Rd3 39. Kc4 Rdf3
40. Bg7+ Ke8 41. Re1+ Kd8 42. c6 1-0

[Event "16th Voronezh Master Open"]
[Site "?"]
[Date "2012.??.??"]
[Round "2"]
[White "Onischuk, V."]
[Black "Turov, M."]
[Result "1/2-1/2"]
[WhiteElo "2515"]
[BlackElo "2665"]
[PlyCount "108"]
[EventDate "2012.??.??"]
[SourceDate "1999.07.01"]

1. e4 c6 2. d4 d5 3. e5 Bf5 4. Nc3 a6 5. Be3 e6 6. f4 Nd7 7. Nf3 c5 8. g3 Bg4
9. h3 Bxf3 10. Qxf3 cxd4 11. Bxd4 Bc5 12. Bxc5 Nxc5 13. b4 Nd7 14. Bd3 Qb6 15.
Rb1 Ne7 16. a4 Nc6 17. Qf2 Qc7 18. O-O O-O 19. Qd2 Nxb4 20. Bxh7+ Kxh7 21. Rxb4
Qc5+ 22. Rd4 Rac8 23. Rf3 Nb8 24. Kg2 Nc6 25. Rdd3 Nb4 26. Rd4 Kg8 27. f5 exf5
28. Nxd5 Nxd5 29. Rxd5 Qxc2 30. Qxc2 Rxc2+ 31. Rf2 Rfc8 32. Rxc2 Rxc2+ 33. Kf3
Rc4 34. Rd8+ Kh7 35. Rd7 Kg6 36. Rxb7 Rxa4 37. Rb6+ Kh7 38. e6 fxe6 39. Rxe6 a5
40. Ra6 g5 41. h4 Ra3+ 42. Kg2 f4 43. gxf4 gxf4 44. h5 a4 45. h6 Ra1 46. Rf6 a3
47. Rxf4 Kxh6 48. Rf3 Kg5 49. Rb3 Kf4 50. Rc3 Ra2+ 51. Kg1 Ke4 52. Rb3 Kd4 53.
Rf3 Ra1+ 54. Kg2 Ra2+ 1/2-1/2

[Event "16th Voronezh Master Open"]
[Site "?"]
[Date "2012.??.??"]
[Round "4"]
[White "Yudin, S."]
[Black "Turov, M."]
[Result "1/2-1/2"]
[WhiteElo "2530"]
[BlackElo "2665"]
[PlyCount "82"]
[EventDate "2012.??.??"]
[SourceDate "1999.07.01"]

1. e4 c6 2. d4 d5 3. exd5 cxd5 4. c4 Nf6 5. Nc3 Nc6 6. Nf3 g6 7. Bg5 Be6 8.
Bxf6 exf6 9. Qb3 dxc4 10. Bxc4 Bxc4 11. Qxc4 Qe7+ 12. Kf1 Qd7 13. Re1+ Be7 14.
h4 h5 15. d5 Ne5 16. Nxe5 fxe5 17. Rxe5 O-O 18. Rh3 Bf6 19. Re1 Rfd8 20. Qb3
Bxc3 21. Rxc3 a5 22. Rc5 Qd6 23. Rec1 b6 24. Rb5 Qh2 25. Qh3 Qf4 26. Rd1 Qc4+
27. Qd3 Qxh4 28. Kg1 Rd6 29. Qb3 Qf6 30. Qe3 Rad8 31. Qd4 Qxd4 32. Rxd4 Rc8 33.
Rd2 Kg7 34. g3 Kf6 35. Rd3 Ke5 36. Re3+ Kf6 37. Reb3 Rc1+ 38. Kg2 Rd1 39. Rxb6
R1xd5 40. Rxd6+ Rxd6 41. Rb5 a4 1/2-1/2

[Event "Moscow Open F 2013"]
[Site "Moscow RUS"]
[Date "2013.02.05"]
[Round "4.4"]
[White "Eliseev, U."]
[Black "Shimanov, A."]
[Result "1/2-1/2"]
[WhiteElo "2525"]
[BlackElo "2640"]
[PlyCount "90"]
[EventDate "2013.02.02"]
[SourceDate "1999.07.01"]

1. e4 c6 2. d4 d5 3. exd5 cxd5 4. c4 Nf6 5. Nc3 Nc6 6. Bg5 dxc4 7. Bxc4 h6 8.
Bxf6 exf6 9. Qh5 g6 10. Qe2+ Be7 11. Rd1 O-O 12. Nf3 Bg4 13. O-O Rc8 14. Nd5 h5
15. Ne3 Kg7 16. h3 Bxf3 17. Qxf3 Bd6 18. h4 f5 19. g3 f4 20. Nd5 Ne7 21. Nxe7
Qxe7 22. Bb3 Rc7 23. Rfe1 Qf6 24. Kg2 Rfc8 25. Re4 Rc1 26. Ree1 Rxd1 27. Rxd1
b5 28. Rd3 Rc7 29. Rd2 a5 30. a4 bxa4 31. Bxa4 Rc4 32. Bd1 Rxd4 33. Rxd4 Qxd4
34. b3 f5 35. Be2 Kh6 36. Qd3 Qf6 37. Bd1 fxg3 38. fxg3 f4 39. g4 hxg4 40. Bxg4
Bc5 41. Qf3 Be3 42. Kh3 Qc3 43. Be6 Qe5 44. Qd5 Qf6 45. Qg5+ Qxg5 1/2-1/2

[Event "35th Georgi Tringov Open"]
[Site "Plovdiv BUL"]
[Date "2013.02.10"]
[Round "9.3"]
[White "Nedev, Tr"]
[Black "Paichadze, L."]
[Result "1/2-1/2"]
[WhiteElo "2505"]
[BlackElo "2520"]
[PlyCount "36"]
[EventDate "2013.02.03"]
[SourceDate "1999.07.01"]

1. e4 c6 2. d4 d5 3. e5 Bf5 4. h4 h5 5. c4 e6 6. Nc3 Ne7 7. Nge2 Nd7 8. Ng3 Bg6
9. Bg5 f6 10. exf6 gxf6 11. Be3 Qb6 12. Qd2 O-O-O 13. Rc1 Kb8 14. Be2 Ka8 15.
O-O Nf5 16. Nxf5 Bxf5 17. cxd5 exd5 18. Bf4 Bb4 1/2-1/2

[Event "9th Panamerican Team"]
[Site "Campinas BRA"]
[Date "2013.01.28"]
[Round "6.1"]
[White "Rodriguez Vila, A."]
[Black "Akobian, V."]
[Result "1/2-1/2"]
[WhiteElo "2508"]
[BlackElo "2615"]
[PlyCount "32"]
[EventDate "2013.01.24"]
[EventType "team"]
[SourceDate "1999.07.01"]
[WhiteTeam "URU"]
[BlackTeam "USA"]
[BlackTeamCountry "GUI"]

1. e4 c6 2. d4 d5 3. e5 Bf5 4. Nd2 e6 5. Nb3 c5 6. dxc5 Bxc5 7. Nxc5 Qa5+ 8. c3
Qxc5 9. Qa4+ Nc6 10. Be3 Qa5 11. Qxa5 Nxa5 12. Bb5+ Nc6 13. Nf3 Nge7 14. Nd4
Bg6 15. Nxc6 Nxc6 16. Bc5 Kd7 1/2-1/2

[Event "13th ch-CRO 2013"]
[Site "Plitvicka Jezera CRO"]
[Date "2013.01.30"]
[Round "10.2"]
[White "Saric, Iv"]
[Black "Zelcic, R."]
[Result "1/2-1/2"]
[WhiteElo "2614"]
[BlackElo "2543"]
[PlyCount "105"]
[EventDate "2013.01.21"]
[SourceDate "1999.07.01"]

1. e4 c6 2. d4 d5 3. Nc3 dxe4 4. Nxe4 Bf5 5. Ng3 Bg6 6. h4 h6 7. Nf3 Nd7 8. h5
Bh7 9. Bd3 Bxd3 10. Qxd3 e6 11. Bd2 Ngf6 12. O-O-O Qc7 13. Ne4 O-O-O 14. g3
Nxe4 15. Qxe4 Nf6 16. Qe2 Bd6 17. Kb1 Rd7 18. c4 c5 19. Ne5 Bxe5 20. dxe5 Ng8
21. Bc3 Ne7 22. Rd6 Rhd8 23. Rhd1 Nc6 24. a3 Nd4 25. Bxd4 Rxd6 26. exd6 Qxd6
27. Qg4 cxd4 28. Qxg7 e5 29. Qxf7 Rf8 30. Qg6 Rf6 31. Qe8+ Kc7 32. f4 exf4 33.
gxf4 Rf8 34. Qg6 Qxf4 35. Qg7+ Rf7 36. Qxd4 Qxd4 37. Rxd4 Rf5 38. Rh4 a6 39. b4
a5 40. Kb2 axb4 41. axb4 Rg5 42. Kb3 Kc6 43. Rh3 Rf5 44. Kc3 Rg5 45. Rh4 Rf5
46. Kd3 Rg5 47. Kd4 b6 48. b5+ Kc7 49. Rh3 Rf5 50. Kc3 Rg5 51. Kb4 Kb7 52. Rh4
Rf5 53. Rh3 1/2-1/2

[Event "TCh-HUN 2012-13"]
[Site "Szombathely HUN"]
[Date "2013.01.27"]
[Round "6"]
[White "Perunovic, Mil"]
[Black "Prohaszka, P2."]
[Result "1/2-1/2"]
[WhiteElo "2614"]
[BlackElo "2573"]
[PlyCount "37"]
[EventDate "2012.09.16"]
[SourceDate "1999.07.01"]
[WhiteTeam "ASE Paks"]
[BlackTeam "HVSE"]

1. e4 c6 2. d4 d5 3. f3 e6 4. Nc3 Bb4 5. Bd2 Ne7 6. Bd3 O-O 7. a3 Ba5 8. f4
Bxc3 9. Bxc3 b6 10. Nf3 Ba6 11. e5 f5 12. Bb4 Bxd3 13. Qxd3 c5 14. Bd2 Nbc6 15.
c3 c4 16. Qe2 b5 17. O-O Qd7 18. h3 Rab8 19. Kh2 1/2-1/2

[Event "Dvorkovich Mem 2013"]
[Site "Taganrog RUS"]
[Date "2013.01.23"]
[Round "9.1"]
[White "Kokarev, Dm"]
[Black "Popov, Iv RUS"]
[Result "1-0"]
[WhiteElo "2627"]
[BlackElo "2623"]
[PlyCount "127"]
[EventDate "2013.01.15"]
[SourceDate "1999.07.01"]

1. e4 c6 2. d4 d5 3. Nc3 dxe4 4. Nxe4 Bf5 5. Ng3 Bg6 6. h4 h6 7. Nf3 Nd7 8. h5
Bh7 9. Bd3 Bxd3 10. Qxd3 e6 11. Bd2 Ngf6 12. O-O-O Be7 13. Kb1 O-O 14. Ne4 Nxe4
15. Qxe4 Nf6 16. Qe2 Qd5 17. Be3 Ng4 18. Bc1 Rad8 19. Ne5 Nxe5 20. dxe5 Qa5 21.
Rdg1 Rd4 22. g4 Rfd8 23. f4 Ra4 24. a3 Rd5 25. Rg3 Qb5 26. Qxb5 cxb5 27. Rd3
Rxd3 28. cxd3 Rd4 29. Kc2 a6 30. Be3 Rd7 31. d4 f6 32. Rf1 Bd8 33. Kd3 fxe5 34.
fxe5 Bc7 35. Ke4 Bb6 36. Rg1 Kf7 37. g5 hxg5 38. Rxg5 Rd8 39. Rg1 Rd5 40. Rf1+
Ke8 41. h6 gxh6 42. Rf6 Ke7 43. Rxh6 Rd7 44. Bg5+ Kf7 45. Be3 Ke7 46. Kd3 Kf7
47. Rh4 Bd8 48. Rh7+ Ke8 49. Rh6 Kf7 50. Bd2 a5 51. Ke4 Bb6 52. Be3 Bd8 53. Bf2
b4 54. axb4 axb4 55. Be1 Be7 56. Rh3 Rd5 57. Rh7+ Ke8 58. Kd3 Rd7 59. Rh6 Kf7
60. Bd2 b3 61. Kc3 Bd8 62. Be3 Bb6 63. Kxb3 Rc7 64. d5 1-0

[Event "73rd ch-ARM 2013"]
[Site "Yerevan ARM"]
[Date "2013.01.18"]
[Round "6.5"]
[White "Petrosian, TL."]
[Black "Hovhannisyan, R."]
[Result "1/2-1/2"]
[WhiteElo "2648"]
[BlackElo "2615"]
[PlyCount "148"]
[EventDate "2013.01.12"]
[SourceDate "1999.07.01"]

1. e4 c6 2. d4 d5 3. Nc3 dxe4 4. Nxe4 Nd7 5. Bc4 Ngf6 6. Ng5 e6 7. Qe2 Nb6 8.
Bb3 h6 9. N5f3 a5 10. a4 c5 11. dxc5 Nbd7 12. Nh3 Bxc5 13. O-O b6 14. Rd1 O-O
15. Ne5 Ba6 16. Qe1 Qe7 17. Nc6 Qe8 18. Nd4 Bxd4 19. Rxd4 Nc5 20. Bc4 e5 21.
Rh4 Bxc4 22. Rxc4 Qe6 23. b3 Rfc8 24. Ba3 Na6 25. Rxc8+ Rxc8 26. c4 Nc5 27.
Bxc5 Rxc5 28. Rd1 Rc7 29. f3 Rd7 30. Nf2 Qe7 31. g3 Rd6 32. Kg2 Qd8 33. Rxd6
Qxd6 34. Ne4 Nxe4 35. Qxe4 h5 36. Qe3 g6 37. Kf1 Kg7 38. Ke2 Qc5 39. Qe4 Kf6
40. Qh4+ Ke6 41. Qd8 Qd6 42. Qe8+ Kf6 43. h4 Kg7 44. Qa8 Qd4 45. Qe8 Qc5 46.
Qb5 Qd6 47. Qd5 Qe7 48. Qb5 Qc5 49. b4 Qd4 50. bxa5 bxa5 51. c5 Qc3 52. c6 Qc2+
53. Kf1 Qc1+ 54. Kf2 Qc2+ 55. Qe2 Qc5+ 56. Qe3 Qc2+ 57. Qe2 Qc5+ 58. Kg2 Kf8
59. Qe4 f5 60. Qd3 Qxc6 61. Qd8+ Kf7 62. Qxa5 Qc2+ 63. Kf1 Qd1+ 64. Kf2 Qc2+
65. Ke1 Qc1+ 66. Ke2 Qc2+ 67. Ke3 Qb3+ 68. Kd2 Qb2+ 69. Kd1 Qb3+ 70. Ke2 Qc2+
71. Qd2 Qxa4 72. Qd5+ Kf6 73. Qd6+ Kf7 74. Qxe5 Qc2+ 1/2-1/2

[Event "73rd ch-ARM 2013"]
[Site "Yerevan ARM"]
[Date "2013.01.21"]
[Round "9.2"]
[White "Ter Sahakyan, S."]
[Black "Hovhannisyan, R."]
[Result "1/2-1/2"]
[WhiteElo "2567"]
[BlackElo "2615"]
[PlyCount "43"]
[EventDate "2013.01.12"]
[SourceDate "1999.07.01"]

1. e4 c6 2. d4 d5 3. exd5 cxd5 4. c4 Nf6 5. Nc3 e6 6. Nf3 Bb4 7. cxd5 Nxd5 8.
Bd2 Nc6 9. Bd3 O-O 10. O-O Be7 11. Re1 Ndb4 12. Bf4 Bf6 13. Be4 Nxd4 14. Nxd4
Bxd4 15. Nb5 e5 16. Nxd4 exf4 17. Qd2 Nc6 18. Bxc6 bxc6 19. Qxf4 Qb6 20. b3 c5
21. Nf3 h6 22. Rac1 1/2-1/2

[Event "Dvorkovich Mem 2013"]
[Site "Taganrog RUS"]
[Date "2013.01.18"]
[Round "4.4"]
[White "Bukavshin, I."]
[Black "Bocharov, D."]
[Result "1/2-1/2"]
[WhiteElo "2510"]
[BlackElo "2614"]
[PlyCount "85"]
[EventDate "2013.01.15"]
[SourceDate "1999.07.01"]

1. e4 c6 2. d4 d5 3. Nc3 dxe4 4. Nxe4 Nd7 5. Bd3 e5 6. Qe2 Be7 7. Nf3 exd4 8.
O-O Ndf6 9. Neg5 Nh6 10. Re1 Nf5 11. Qe5 Ng4 12. Qf4 Ngh6 13. g4 Nd6 14. Qxd4
O-O 15. Bf4 Bxg5 16. Bxg5 f6 17. Bxh6 gxh6 18. Rad1 Qc7 19. Qf4 Kh8 20. Nh4
Bxg4 21. Qxg4 Rg8 22. Bg6 hxg6 23. Re6 g5 24. Nf5 Nxf5 25. Qxf5 Raf8 26. Rxf6
Rxf6 27. Qxf6+ Qg7 28. Qe6 Qg6 29. Qe5+ Qg7 30. Qe4 Qg6 31. Qd4+ Rg7 32. Qxa7
Qxc2 33. Rd8+ Kh7 34. Qd4 Qf5 35. Qd3 Qxd3 36. Rxd3 Re7 37. Rd6 Kg7 38. Kg2 Rf7
39. b4 Rf6 40. Rd7+ Rf7 41. Rd6 Rf6 42. Rd7+ Rf7 43. Rd6 1/2-1/2

[Event "TCh-AUT 2012-13"]
[Site "Graz AUT"]
[Date "2013.01.17"]
[Round "4.1"]
[White "Antoniewski, R."]
[Black "Lenic, L."]
[Result "1/2-1/2"]
[WhiteElo "2557"]
[BlackElo "2637"]
[PlyCount "62"]
[EventDate "2012.11.02"]
[SourceDate "1999.07.01"]
[WhiteTeam "ASVO Wulkaprodersdorf"]
[BlackTeam "SV Raika Rapid Feffernitz"]

1. e4 c6 2. d4 d5 3. Nd2 dxe4 4. Nxe4 Nd7 5. Nf3 Ngf6 6. Ng3 e6 7. Bd3 c5 8.
O-O Be7 9. b3 O-O 10. Bb2 b6 11. c4 Bb7 12. Qe2 Re8 13. dxc5 Bxc5 14. Ne4 Be7
15. Ne5 Nxe5 16. Bxe5 Bxe4 17. Bxe4 Nxe4 18. Qxe4 Bc5 19. Rad1 Qe7 20. Rd3 Rad8
21. Rfd1 Rxd3 22. Qxd3 f6 23. Bd6 Bxd6 24. Qxd6 Qxd6 25. Rxd6 Kf7 26. Kf1 Ke7
27. Rd3 Rc8 28. Ke2 Rc5 29. Kd2 Rh5 30. h3 Ra5 31. a4 Rf5 1/2-1/2

[Event "Margaryan Mem 2013"]
[Site "Yerevan ARM"]
[Date "2013.01.09"]
[Round "2.4"]
[White "Kravtsiv, M."]
[Black "Grigoryan, K2."]
[Result "1/2-1/2"]
[WhiteElo "2589"]
[BlackElo "2513"]
[PlyCount "78"]
[EventDate "2013.01.08"]
[SourceDate "1999.07.01"]

1. e4 c6 2. d4 d5 3. Nc3 dxe4 4. Nxe4 Nd7 5. Bc4 Ngf6 6. Ng5 e6 7. Qe2 Nb6 8.
Bd3 h6 9. N5f3 c5 10. dxc5 Bxc5 11. Ne5 Nbd5 12. Ngf3 O-O 13. c3 a5 14. g4 Nd7
15. g5 Nxe5 16. Nxe5 f6 17. Ng6 fxg5 18. Nxf8 Qxf8 19. h4 g4 20. Qxg4 Qxf2+ 21.
Kd1 e5 22. Qg6 Nf6 23. Bxh6 Bg4+ 24. Kc1 Be3+ 25. Bxe3 Qxe3+ 26. Kc2 Qf2+ 27.
Kb1 Rd8 28. Rf1 Qd2 29. Bc4+ Kh8 30. Qc2 e4 31. Qxd2 Rxd2 32. Re1 e3 33. Kc1
Ne4 34. Bb3 Be2 35. Bc2 Nf2 36. b4 Bd3 37. Bb3 Be2 38. Bc2 Bd3 39. Bb3 Be2
1/2-1/2

[Event "88th Hastings Masters"]
[Site "Hastings ENG"]
[Date "2013.01.04"]
[Round "8.4"]
[White "Vovk, A."]
[Black "Hawkins, Jo"]
[Result "1/2-1/2"]
[WhiteElo "2567"]
[BlackElo "2507"]
[PlyCount "29"]
[EventDate "2012.12.28"]
[SourceDate "1999.07.01"]

1. e4 c6 2. d4 d5 3. Nc3 dxe4 4. Nxe4 Nd7 5. Nf3 Ngf6 6. Nxf6+ Nxf6 7. h3 Bf5
8. Be2 e6 9. O-O Bd6 10. c4 Qc7 11. Be3 O-O 12. Qb3 Rfd8 13. Rac1 c5 14. Rfd1
Ne4 15. d5 1/2-1/2

[Event "XLII Rilton Cup"]
[Site "Stockholm SWE"]
[Date "2013.01.05"]
[Round "9.5"]
[White "Socko, B."]
[Black "Hillarp Persson, T."]
[Result "1-0"]
[WhiteElo "2631"]
[BlackElo "2546"]
[PlyCount "71"]
[EventDate "2012.12.27"]
[SourceDate "1999.07.01"]

1. e4 c6 2. d4 d5 3. Nc3 h6 4. f3 b5 5. Be3 b4 6. Nce2 dxe4 7. fxe4 Nf6 8. Ng3
h5 9. Bd3 Ng4 10. Qd2 h4 11. N3e2 e5 12. dxe5 Nxe5 13. Nf3 Nbd7 14. O-O-O h3
15. Ned4 Nxd3+ 16. Qxd3 hxg2 17. Rhg1 Qa5 18. Nb3 Qa6 19. Qd2 Rh5 20. Kb1 c5
21. Ng5 Rxg5 22. Bxg5 Qe6 23. Rxg2 a5 24. Rg3 a4 25. Nc1 f6 26. Bf4 a3 27. bxa3
bxa3 28. Bd6 Ra6 29. Bxf8 Kxf8 30. Qd5 Qxd5 31. Rxd5 Kf7 32. Rdd3 c4 33. Rxa3
Rb6+ 34. Ka1 Nc5 35. Ra7+ Bb7 36. Rc3 1-0

[Event "ch-CZE KO Blitz 2012"]
[Site "Prague CZE"]
[Date "2012.12.15"]
[Round "2.3"]
[White "Navara, D."]
[Black "Polak, T."]
[Result "1-0"]
[WhiteElo "2710"]
[BlackElo "2520"]
[PlyCount "83"]
[EventDate "2012.12.15"]
[EventType "blitz"]
[SourceDate "1999.07.01"]

1. e4 c6 2. d4 d5 3. Nd2 g6 4. h3 Bg7 5. Ngf3 Nf6 6. e5 Ne4 7. Nxe4 dxe4 8. Ng5
c5 9. dxc5 Qxd1+ 10. Kxd1 Nc6 11. Nxe4 Bf5 12. Nd2 Bxe5 13. g4 Be6 14. Bc4 Bxc4
15. Nxc4 O-O-O+ 16. Bd2 Bd4 17. Ke2 Bxc5 18. c3 h5 19. b4 b5 20. Na3 Bxf2 21.
Nxb5 a6 22. Na3 Bg3 23. Nc4 Ne5 24. Nxe5 Bxe5 25. Raf1 hxg4 26. hxg4 Rxh1 27.
Rxh1 f5 28. gxf5 gxf5 29. Rh5 e6 30. c4 Rd4 31. c5 Re4+ 32. Kd3 Rd4+ 33. Kc2
Rg4 34. Rh6 Rg2 35. Rxe6 Bf4 36. Rxa6 Bxd2 37. Kb3 Rg3+ 38. Ka4 Bc3 39. b5 Rg4+
40. Kb3 Bd4 41. Kc4 Be3+ 42. Kd5 1-0

[Event "World Cities Team GpD"]
[Site "Al-Ain UAE"]
[Date "2012.12.24"]
[Round "3.6"]
[White "Guseinov, G."]
[Black "Parligras, M."]
[Result "1/2-1/2"]
[WhiteElo "2628"]
[BlackElo "2628"]
[PlyCount "88"]
[EventDate "2012.12.22"]
[SourceDate "1999.07.01"]
[WhiteTeam "Baku"]
[BlackTeam "Timisoara"]

1. e4 c6 2. d4 d5 3. Nd2 dxe4 4. Nxe4 Bf5 5. Ng3 Bg6 6. h4 h6 7. Nf3 Nd7 8. h5
Bh7 9. Bd3 Bxd3 10. Qxd3 e6 11. Bd2 Ngf6 12. O-O-O Bd6 13. Ne4 Bc7 14. c4 Nxe4
15. Qxe4 Qe7 16. Bc3 O-O-O 17. Qe2 Rhe8 18. Rhe1 Nf6 19. Ne5 Nd7 20. Qg4 f5 21.
Qg6 Nxe5 22. dxe5 Qg5+ 23. Qxg5 hxg5 24. Rxd8+ Rxd8 25. f3 f4 26. Kc2 Rh8 27.
Rh1 c5 28. Kd3 Kd7 29. Ke2 Rf8 30. Kf2 Rf5 31. Re1 a6 32. a4 b6 33. Re4 a5 34.
b3 Ke8 35. Re2 Rf8 36. Re1 Rh8 37. Rh1 Rh6 38. Rh3 Kf7 39. Rh1 Ke8 40. Rh3 Kf7
41. g3 g6 42. hxg6+ Kxg6 43. Rxh6+ Kxh6 44. g4 Kg6 1/2-1/2

[Event "19th Zadar Open A"]
[Site "Zadar CRO"]
[Date "2012.12.17"]
[Round "3.6"]
[White "Predojevic, B."]
[Black "Dizdarevic, E."]
[Result "1/2-1/2"]
[WhiteElo "2600"]
[BlackElo "2502"]
[PlyCount "61"]
[EventDate "2012.12.16"]
[EventType "swiss"]
[SourceDate "1999.07.01"]

1. e4 c6 2. d4 d5 3. Nd2 dxe4 4. Nxe4 Nd7 5. Ng5 Ngf6 6. Bd3 Qc7 7. N1f3 Qd6 8.
c3 h6 9. Ne4 Nxe4 10. Bxe4 Qe6 11. Qe2 Nf6 12. Bc2 Qxe2+ 13. Kxe2 g6 14. Re1
Bg4 15. h3 Bxf3+ 16. Kxf3 e6 17. Bf4 O-O-O 18. Be5 Bg7 19. Rad1 Ne8 20. Re4 Rg8
21. Ke2 Rd7 22. Bb3 Nc7 23. Rd3 h5 24. Rf3 Bxe5 25. dxe5 Kd8 26. Rd3 Rxd3 27.
Kxd3 Ke7 28. Ke2 Na6 29. Ra4 Ra8 30. Bc2 Nc5 31. Rd4 1/2-1/2

[Event "15th Padova Open 2012"]
[Site "Padova ITA"]
[Date "2012.12.19"]
[Round "5.1"]
[White "Solodovnichenko, Y."]
[Black "Burmakin, V."]
[Result "0-1"]
[WhiteElo "2557"]
[BlackElo "2558"]
[PlyCount "154"]
[EventDate "2012.12.16"]
[SourceDate "1999.07.01"]

1. e4 c6 2. d4 d5 3. e5 Bf5 4. Nf3 e6 5. Be2 h6 6. O-O Ne7 7. Nbd2 Bh7 8. Nb3
Ng6 9. g3 Be7 10. h4 O-O 11. h5 Nh8 12. Ne1 Nd7 13. Ng2 c5 14. Nxc5 Nxc5 15.
dxc5 Qc7 16. Bf4 Bxc5 17. c3 Rfd8 18. Bd3 Bxd3 19. Qxd3 Rac8 20. Rae1 Bb6 21.
Be3 Bxe3 22. Qxe3 Qc5 23. Qxc5 Rxc5 24. Re2 Kf8 25. f4 Ke7 26. Nh4 d4 27. cxd4
Rxd4 28. f5 Rg4 29. Kg2 Rg5 30. Rd2 Rxh5 31. Rfd1 Rxe5 32. Nf3 Re4 33. fxe6
Rxe6 34. Rd7+ Kf6 35. Rxb7 Kg6 36. Kf2 Ra5 37. a3 Kh7 38. Rdd7 a6 39. Nd4 Rf6+
40. Kg2 h5 41. Nf3 Raf5 42. Rd3 g5 43. Rbd7 g4 44. Nd2 Rf2+ 45. Kg1 Re2 46.
R3d6 Rff2 47. Ne4 Rf5 48. Nd2 Ng6 49. Rd5 Ne5 50. Nc4 Re1+ 51. Kg2 Nxc4 52.
Rxf5 Ne3+ 53. Kf2 Rf1+ 54. Kxe3 Rxf5 55. Ke4 Rf3 56. Rd3 f5+ 57. Kd4 Rf2 58.
Ke3 Rf1 59. Ke2 Rb1 60. Rd6 f4 61. gxf4 h4 62. Rd5 Kg6 63. Rg5+ Kf6 64. Kf2 g3+
65. Kg2 Rxb2+ 66. Kg1 Rb5 67. Rg8 Kf5 68. a4 Rb2 69. a5 Ke4 70. Re8+ Kf3 71.
Re1 Kxf4 72. Ra1 h3 73. Ra4+ Ke5 74. Ra1 Rd2 75. Kh1 Kf4 76. Kg1 Ke3 77. Re1+
Kd3 0-1

[Event "15th Padova Open 2012"]
[Site "Padova ITA"]
[Date "2012.12.21"]
[Round "7.1"]
[White "Dvirnyy, D."]
[Black "Burmakin, V."]
[Result "0-1"]
[WhiteElo "2537"]
[BlackElo "2558"]
[PlyCount "68"]
[EventDate "2012.12.16"]
[SourceDate "1999.07.01"]

1. e4 c6 2. d4 d5 3. e5 Bf5 4. h4 h5 5. c4 e6 6. Nc3 Ne7 7. Nge2 Nd7 8. Ng3 Bg6
9. Bg5 Qb6 10. Qd2 Nf5 11. Nxf5 Bxf5 12. a3 f6 13. exf6 gxf6 14. Be3 Qb3 15.
cxd5 exd5 16. Bd3 Bxd3 17. Qxd3 O-O-O 18. O-O Bd6 19. Qf5 Kb8 20. Nb1 Qxb2 21.
Nd2 Qb6 22. Rab1 Qc7 23. Rb3 Ka8 24. Rfb1 Rb8 25. Nf3 Qd8 26. Bd2 Nb6 27. Ba5
Qd7 28. Qxf6 Rbf8 29. Qg6 Rhg8 30. Qxh5 Qh3 31. Ne1 Qh2+ 32. Kf1 Qh1+ 33. Ke2
Nc4 34. Bc3 Qg1 0-1